000 00715nam a2200253Ia 4500
003 OSt
005 20220918210619.0
006 a|||||r|||| 00| 0
007 ta
008 220917b |||||||| |||| 00| 0 eng d
024 _a121,139
037 _cTextual
040 _aARTS
_cARTS
_beng
041 _2eng
_aeng
082 _aV74:71.N5, M0-;1
100 _aBernal Ignacio
_9118725
245 0 _aHistory of Mexico archaology
_b Vanished civilizations of middle America
260 _aLondon
_bThames and Hudson
_c1980
300 _a208p.
_ccm.
500 _aBibliography p190-203
650 _aHISTORY
942 _hV74:71.N5, M0-;1
_cTEXL
_2CC
999 _c244368
_d244368